000
00332nam a22001457a 4500
008
250314b |||||||| |||| 00| 0 eng d
020
_a
9780323680950
050
_a
RJ511
_b
.M67
100
_a
Morrelli Joseph G
245
_a
Pediatric Dermatology
250
_a
3rd
260
_a
U.S
_b
Elsevier
_c
2021
300
_a
164p
942
_c
BK
999
_c
2339
_d
2339